Excel Saga Characters Quiz Stats

 Plays Quiz not verified by Sporcle

Also try: Match A Beer
Challenge
Share
Tweet
Embed
Score 0/16 Timer 04:00
0 Plays Today
Hint Character % Correct
Agent of ACROSSExcel
100%
Main character's petMenchi
90.9%
Alien girl, new recruit to ACROSSHyatt
86.4%
Leader of ACROSSIl Palazzo
81.8%
Immigrant workerPedro
81.8%
Mysterious afro'd manNabeshin
63.6%
Robot girlRopponmatsu
59.1%
Neighbor of main characterWatanabe
56.8%
Hint Character % Correct
Enigmatic VillainThat Man
54.5%
Neighbor of main characterSumiyoshi
52.3%
Neighbor of main characterIwata
47.7%
Celestial ForceGreat Will
47.7%
Robot girlRopponmatsu II
43.2%
Government OfficialKabapu
43.2%
City security memberMatsuya
40.9%
Cute aliensPuchuu
36.4%

You're not logged in!

Compare scores with friends on all Sporcle quizzes.
OR
Log In

You Might Also Like...

Show Comments

Extras

Created Jun 23, 2010ReportNominate
Tags:character, excel, saga

Top Quizzes Today


Score Distribution

Your Account Isn't Verified!

In order to create a playlist on Sporcle, you need to verify the email address you used during registration. Go to your Sporcle Settings to finish the process.

Report this User

Report this user for behavior that violates our Community Guidelines.

Details: